|
|
|
|
| LEADER |
00000nam0a2200000 4500 |
| 001 |
277348 |
| 005 |
20231031231431.0 |
| 035 |
|
|
|a (RuTPU)RU\TPU\book\300621
|
| 090 |
|
|
|a 277348
|
| 100 |
|
|
|a 20141202d1985 k y0rusy5003 ca
|
| 101 |
0 |
|
|a rus
|
| 102 |
|
|
|a RU
|
| 105 |
|
|
|a a z 000zy
|
| 200 |
1 |
|
|a Методологические проблемы совершенствования взаимодействия науки и производства
|e сборник статей
|f Академия наук СССР (АН СССР), Сибирское отделение (СО), Институт истории, филологии и философии ; под ред. А. П. Деревянко, С. С. Кутателадзе
|
| 210 |
|
|
|a Новосибирск
|c Наука
|d 1985
|
| 215 |
|
|
|a 304 с.
|c граф.
|
| 606 |
1 |
|
|a Наука
|x Связь с производством
|2 stltpush
|3 (RuTPU)RU\TPU\subj\45073
|
| 610 |
1 |
|
|a СССР
|
| 610 |
1 |
|
|a методологические проблемы
|
| 610 |
1 |
|
|a НТР
|
| 610 |
1 |
|
|a достижения науки
|
| 610 |
1 |
|
|a внедрение в производство
|
| 610 |
1 |
|
|a специалисты
|
| 686 |
|
|
|a Ч21(2)
|v LBC/SL-A
|2 rubbk
|
| 702 |
|
1 |
|a Деревянко
|b А. П.
|g Алексей Пантелеевич
|4 340
|
| 702 |
|
1 |
|a Кутателадзе
|b С. С.
|4 340
|
| 712 |
0 |
2 |
|a Академия наук СССР (АН СССР)
|b Сибирское отделение (СО)
|b Институт истории, филологии и философии
|c (Новосибирск)
|2 stltpush
|3 (RuTPU)RU\TPU\col\11501
|
| 801 |
|
0 |
|a RU
|b RuMRKP
|c 19950704
|g psbo
|
| 801 |
|
1 |
|a RU
|b 63413507
|c 20141202
|
| 801 |
|
2 |
|a RU
|b 63413507
|c 20171220
|g RCR
|
| 942 |
|
|
|c BK
|